Представление документа в формате RUSMARC

ПолеНазваниеЗначение
  Тип записи a
  Библиографический уровень m
001 Контрольный номер RU/SLIB/B/208725656
005 Дата корректировки 20231027145902.3
010 Индекс ISBN __
d Цена 10-10
101 Язык документа 0_
a Язык текста rus
c Язык оригинала rus
200 Заглавие и сведения об ответственности 1_
a Заглавие Великая Отечественная
e Сведения, относящиеся к заглавию альбом
b Общее обозначение материала Текст
210 Выходные данные 1_
a Место издания М.
c Издательство Воениздат
d Дата издания 1984
215 Физическое описание __
a Объем 400 с.
c Иллюстрации/тип воспроизводства ил.
606 Тематические рубрики __
a Основная рубрика История
z Хронологическая подрубрика 1941-1945 гг.; 20 в.
y Географическая подрубрика Россия; СССР; Германия; Япония
606 Тематические рубрики __
a Основная рубрика История России и СССР (октябрь 1917 - 1991 г.)
610 Ключевые слова 0_
a Ключевые слова Великая Отечественная война; ВОВ; войны; историческая литература
686 Индексы других классификаций __
a Классификационный индекс 63.3(2)622я61; ст63.3(2)622я61
801 Источник записи _0
a Страна RU
b Организация Муниципальное бюджетное учреждение культуры "Централизованная библиотечная система" г. Сургут (Центральная городская библиотека им. А. С. Пушкина)
g Правила каталогизации КиК/Лебедева
801 Источник записи _1
a Страна RU
b Организация Муниципальное бюджетное учреждение культуры "Централизованная библиотечная система" г. Сургут (Центральная городская библиотека им. А. С. Пушкина)
g Правила каталогизации КиК/Лебедева
852 Данные о местонахождении __
j Шифр хранения 63.3(2)622я61
c Каталожный индекс 63.3(2)622
i Авторский знак В 27
p Инвентарный номер 27220
901 Тип документа __
t Тип документа m
969 Тип издания __
a Тип издания альбом
990 Данные о заказе (DOS) __
j Количество экземпляров (DOS) 2
t N записи в КСУ для И/У (DOS) 199101